00387nam a22001457a 450000500170000000800410001702200130005804100130007108200120008410000130009624500280010926000480013730000310018565000250021620240411071913.0240411b |||||||| |||| 00| 0 eng d a0258249X aEnglish  a349 IND lEnglish  aIndustrial Law Journal  aCape Town : bJuta and Company Law, c2013  bvii, 256 pages ; c25 cm.  aLegal practice bLaw